000 00781nam a2200169Ia 4500
003 GCL
005 20240530105242.0
008 140319s9999 xx 000 0 ara d
040 _aGCL /
_cGCL
082 0 4 _a230
_bح ب
100 1 _aابن حجر العسقلانى : شهاب الدين ابو الفضل احمد بن على بن مجمد بن على الكنانى
245 1 0 _aبلوغ المرام من جمع ادلة الاحكام /
_cابن حجر العسقلانى : شهاب الدين ابو الفضل احمد بن على بن مجمد بن على الكنانى ؛ تقديم ابراهيم اسماعيل عصر
260 _aبيروت :
_bدار الجيل ،
_c1982
300 _a391 ص
650 0 4 _aالاحاديث النبوية
942 _2ddc
_cBK
999 _c54339
_d54339